Первопринципные расчеты электронной структуры границ раздела металл-оксид; Фундаментальные проблемы современного материаловедения; Т. 3, № 4

Detaylı Bibliyografya
Parent link:Фундаментальные проблемы современного материаловедения: научный журнал.— , 2014-.— 1811-1416
Т. 3, № 4.— 2006.— [С. 123-129]
Yazar: Немирович-Данченко Л. Ю. Любовь Юрьевна
Diğer Yazarlar: Еремеев С. В. Сергей Владимирович, Кулькова С. Е. Светлана Евгеньевна
Özet:Заглавие с экрана
Представлены результаты расчетов электронной структуры границ раздела Nb/Al2O3(0001) и Ni/Zro2(001), проведенные методами теории функционала электронной плотности. Проведены оценки релаксаций атомов поверхностных и интерфейсных слоев для разных окончаний оксидных поверхностей. Обсуждается механизм связи переходных металлов с атомами подложки, определяющий адгезию на границах раздела металл-оксид.
We present the results of electronic structure calculations of Nb/Al2O3(0001) and Ni/Zro2(001) interfaces performed by methods of density functional theory. Relaxations of atomic positions of surface and interface layers for different surface terminations of oxides are estimated. The bonding mechanism of transition metals interactions with atoms of substrate determining the adhesion on the metal-oxide interface is discussed.
Режим доступа: по договору с организацией-держателем ресурса
Dil:Rusça
Baskı/Yayın Bilgisi: 2006
Konular:
Online Erişim:http://elibrary.ru/item.asp?id=12774545
Materyal Türü: MixedMaterials Elektronik Kitap Bölümü
KOHA link:https://koha.lib.tpu.ru/cgi-bin/koha/opac-detail.pl?biblionumber=638924

MARC

LEADER 00000naa0a2200000 4500
001 638924
005 20250529161205.0
035 |a (RuTPU)RU\TPU\network\3321 
090 |a 638924 
100 |a 20150217d2006 k||y0rusy50 ca 
101 0 |a rus 
102 |a RU 
135 |a drcn ---uucaa 
181 0 |a i  
182 0 |a b 
200 1 |a Первопринципные расчеты электронной структуры границ раздела металл-оксид  |f Л. Ю. Немирович-Данченко, С. В. Еремеев, С. Е. Кулькова 
203 |a Текст  |c электронный 
300 |a Заглавие с экрана 
320 |a [Библиогр.: с. 129 (2 назв.)] 
330 |a Представлены результаты расчетов электронной структуры границ раздела Nb/Al2O3(0001) и Ni/Zro2(001), проведенные методами теории функционала электронной плотности. Проведены оценки релаксаций атомов поверхностных и интерфейсных слоев для разных окончаний оксидных поверхностей. Обсуждается механизм связи переходных металлов с атомами подложки, определяющий адгезию на границах раздела металл-оксид. 
330 |a We present the results of electronic structure calculations of Nb/Al2O3(0001) and Ni/Zro2(001) interfaces performed by methods of density functional theory. Relaxations of atomic positions of surface and interface layers for different surface terminations of oxides are estimated. The bonding mechanism of transition metals interactions with atoms of substrate determining the adhesion on the metal-oxide interface is discussed. 
333 |a Режим доступа: по договору с организацией-держателем ресурса 
461 0 |0 (RuTPU)RU\TPU\prd\279744  |x 1811-1416  |t Фундаментальные проблемы современного материаловедения  |o научный журнал  |d 2014- 
463 |t Т. 3, № 4  |v [С. 123-129]  |d 2006 
610 1 |a электронный ресурс 
610 1 |a труды учёных ТПУ 
700 1 |a Немирович-Данченко  |b Л. Ю.  |c физик  |c старший преподаватель Томского политехнического университета  |f 1981-  |g Любовь Юрьевна  |3 (RuTPU)RU\TPU\pers\33545  |9 17212 
701 1 |a Еремеев  |b С. В.  |g Сергей Владимирович 
701 1 |a Кулькова  |b С. Е.  |g Светлана Евгеньевна 
801 2 |a RU  |b 63413507  |c 20190225  |g RCR 
850 |a 63413507 
856 4 |u http://elibrary.ru/item.asp?id=12774545 
942 |c CF